[Event "Asian Juniors Chess Championship 2022"]
[Site "Knights Templar Hotel, Tagaytay City"]
[Date "2022.11.20"]
[Round "3"]
[Board "1"]
[White "Utsab, Chatterjee"]
[Black "Neelash, Saha"]
[Result "1/2-1/2"]
[WhiteElo "2349"]
[BlackElo "2436"]
[PlyCount "34"]
[EventDate "2022.11.19"]
[EventRounds "9"]
[EventCountry "ACF"]

1. e4 e5 2. Nf3 Nf6 3. Nxe5 d6 4. Nf3 Nxe4 5. Nc3 Nxc3 6. dxc3 Be7 7. Bf4 O-O 8.
Qd2 Nd7 9. O-O-O Nc5 10. Nd4 Ne6 11. Be3 Nxd4 12. Bxd4 Bf6 13. Bxf6 Qxf6 14. Qd4
Qh6+ 15. Qd2 Qf6 16. Qd4 Qh6+ 17. Qd2 Qf6  1/2-1/2

[Event "Asian Juniors Chess Championship 2022"]
[Site "Knights Templar Hotel, Tagaytay City"]
[Date "2022.11.20"]
[Round "3"]
[Board "2"]
[White "Gan-Erdene, Sugar"]
[Black "Avinash, Ramesh"]
[Result "1/2-1/2"]
[WhiteElo "2419"]
[BlackElo "2338"]
[PlyCount "76"]
[EventDate "2022.11.19"]
[EventRounds "9"]
[EventCountry "ACF"]

1. d4 Nf6 2. c4 e6 3. g3 d5 4. Nf3 dxc4 5. Bg2 a6 6. O-O Nc6 7. e3 Bd7 8. Qe2 Bd6
9. Qxc4 O-O 10. Rd1 Qe7 11. Nc3 Rab8 12. Qe2 e5 13. dxe5 Nxe5 14. Nxe5 Bxe5 15. e4
Rfd8 16. Bg5 Bxc3 17. bxc3 h6 18. Be3 Bb5 19. c4 Ba4 20. Rd4 Bc6 21. f3 Nd7 22. Rad1
Nf8 23. Bh3 Ne6 24. Rxd8+ Rxd8 25. Rxd8+ Qxd8 26. Bxe6 fxe6 27. Kg2 Ba4 28. Bf4 Qd1
29. Qxd1 Bxd1 30. Bxc7 Be2 31. c5 Kf7 32. Be5 g6 33. h4 h5 34. Kf2 Bd1 35. Ke3 Ke8
36. Bb2 Kf7 37. Kf4 Be2 38. g4 Bd1  1/2-1/2

[Event "Asian Juniors Chess Championship 2022"]
[Site "Knights Templar Hotel, Tagaytay City"]
[Date "2022.11.20"]
[Round "3"]
[Board "3"]
[White "Harshavardhan, G B"]
[Black "Orozbaev, Eldiar"]
[Result "1-0"]
[WhiteElo "2426"]
[BlackElo "2324"]
[PlyCount "83"]
[EventDate "2022.11.19"]
[EventRounds "9"]
[EventCountry "ACF"]

1. e4 c5 2. Nf3 d6 3. d4 cxd4 4. Nxd4 Nf6 5. Nc3 Nc6 6. Bg5 Bd7 7. Qd2 Rc8 8. O-O-O
Nxd4 9. Qxd4 Qa5 10. f4 h6 11. Bxf6 gxf6 12. Kb1 Qc5 13. Qd3 f5 14. Nd5 Bc6 15. c4
e6 16. Qc3 Bxd5 17. exd5 Rg8 18. Qb3 Rc7 19. g3 Bg7 20. Bd3 Kd8 21. Rhe1 Re8 22.
Re2 Rce7 23. Red2 Kc7 24. dxe6 fxe6 25. Be2 Rd8 26. Bf3 Kb8 27. Re1 Rdd7 28. g4 Rc7
29. Red1 fxg4 30. Bxg4 Rc6 31. Qb5 Qe3 32. Rxd6 Qe4+ 33. Ka1 Rxd6 34. Rxd6 Qxf4 35.
Rd8+ Kc7 36. Rd1 Bd4 37. Qa5+ Bb6 38. Qe1 e5 39. Qb4 Qxg4 40. Qxe7+ Kb8 41. Qxe5+
Kc8 42. Qe8+  1-0

[Event "Asian Juniors Chess Championship 2022"]
[Site "Knights Templar Hotel, Tagaytay City"]
[Date "2022.11.20"]
[Round "3"]
[Board "4"]
[White "Labog, Eric Jr."]
[Black "Hakemi, Arman"]
[Result "1-0"]
[WhiteElo "2138"]
[BlackElo "2412"]
[PlyCount "102"]
[EventDate "2022.11.19"]
[EventRounds "9"]
[EventCountry "ACF"]

1. Nf3 d5 2. g3 Nf6 3. Bg2 e6 4. d4 b5 5. a4 b4 6. c4 bxc3 7. bxc3 Be7 8. c4 c6
9. O-O O-O 10. Qc2 Ba6 11. c5 Nbd7 12. Nc3 Nh5 13. Na2 Rb8 14. g4 Nhf6 15. Bf4 Rb7
16. Rfb1 Rxb1+ 17. Rxb1 Nxg4 18. Nb4 Qc8 19. h3 Ngf6 20. Nxa6 Qxa6 21. e3 Ne4 22.
Bf1 Qc8 23. Qb2 g5 24. Bh2 f5 25. Qb7 g4 26. Qxc8 Rxc8 27. Ba6 Rf8 28. Ne1 Bh4 29.
Nd3 gxh3 30. Bb7 Rf7 31. Bxc6 Bxf2+ 32. Kh1 Ndf6 33. Bf4 Ng4 34. Be8 Rf8 35. Bd7
Kf7 36. Ne5+ Nxe5 37. Bxe5 Bg3 38. Bxg3 Nxg3+ 39. Kh2 f4 40. exf4 Nf5 41. Rb7 a5
42. Bb5+ Kf6 43. c6 Rc8 44. Rd7 Nxd4 45. c7 e5 46. Ba6 Rxc7 47. fxe5+ Kxe5 48. Rxc7
Ne6 49. Rxh7 Nc5 50. Bb5 d4 51. Rxh3 Kd5  1-0

[Event "Asian Juniors Chess Championship 2022"]
[Site "Knights Templar Hotel, Tagaytay City"]
[Date "2022.11.20"]
[Round "3"]
[Board "5"]
[White "Dziththauly, Ramadhan"]
[Black "Concio, Michael Jr."]
[Result "1/2-1/2"]
[WhiteElo "2194"]
[BlackElo "2343"]
[PlyCount "56"]
[EventDate "2022.11.19"]
[EventRounds "9"]
[EventCountry "ACF"]

1. d4 Nf6 2. c4 e6 3. Nc3 Bb4 4. Qc2 d5 5. cxd5 exd5 6. Bg5 c6 7. e3 Bg4 8. Bd3
Bh5 9. Nge2 Bg6 10. O-O Bxd3 11. Qxd3 O-O 12. f3 Be7 13. e4 Nbd7 14. Bxf6 Nxf6 15.
e5 Ne8 16. f4 f5 17. Kh1 g6 18. Nd1 Ng7 19. Ne3 Qd7 20. Rg1 Kh8 21. a4 Rac8 22. Rgd1
Ne6 23. Rac1 Rfd8 24. h3 Rf8 25. Rf1 Rcd8 26. Rfd1 Rc8 27. Rf1 Rcd8 28. Rfd1 Rc8
 1/2-1/2

[Event "Asian Juniors Chess Championship 2022"]
[Site "Knights Templar Hotel, Tagaytay City"]
[Date "2022.11.20"]
[Round "3"]
[Board "6"]
[White "Bacojo, Mark Jay"]
[Black "Raahul, V S"]
[Result "0-1"]
[WhiteElo "1949"]
[BlackElo "2311"]
[PlyCount "88"]
[EventDate "2022.11.19"]
[EventRounds "9"]
[EventCountry "ACF"]

1. e4 e6 2. d4 d5 3. Nd2 Nf6 4. e5 Nfd7 5. Bd3 c5 6. c3 Nc6 7. Ngf3 g6 8. O-O Bg7
9. a3 Qb6 10. Qa4 a6 11. Re1 Qa7 12. Nf1 b5 13. Qc2 cxd4 14. cxd4 Nxd4 15. Nxd4 Qxd4
16. Be3 Qxe5 17. Qc6 Qb8 18. Bc5 e5 19. Bd6 Bb7 20. Bxb8 Bxc6 21. Bd6 e4 22. Rac1
Rc8 23. a4 Kd8 24. axb5 axb5 25. Bb4 Ne5 26. Bb1 f5 27. Red1 Nd7 28. Ba2 d4 29. Ba5+
Ke8 30. Bd5 Bxd5 31. Rxc8+ Ke7 32. Rdc1 Rxc8 33. Rxc8 Be5 34. g3 Bd6 35. Bd2 Ne5
36. Bf4 Nf3+ 37. Kg2 Ne1+ 38. Kg1 Bxf4 39. gxf4 Nd3 40. Rc7+ Kd6 41. Rxh7 Nxf4 42.
h4 Nh3+ 43. Kh2 Nxf2 44. Kg3 e3  0-1

[Event "Asian Juniors Chess Championship 2022"]
[Site "Knights Templar Hotel, Tagaytay City"]
[Date "2022.11.20"]
[Round "3"]
[Board "7"]
[White "Dau, Khuong Duy"]
[Black "Quizon, Daniel"]
[Result "1-0"]
[WhiteElo "1993"]
[BlackElo "2420"]
[PlyCount "57"]
[EventDate "2022.11.19"]
[EventRounds "9"]
[EventCountry "ACF"]

1. e4 c5 2. Nf3 d6 3. d4 cxd4 4. Nxd4 Nf6 5. Nc3 a6 6. Bg5 e6 7. f4 h6 8. Bh4 Nbd7
9. Qe2 Qc7 10. O-O-O Be7 11. Nf3 g5 12. fxg5 hxg5 13. Bxg5 b5 14. a3 Bb7 15. Qe1
Rc8 16. Bd3 Nc5 17. Kb1 Qb6 18. e5 dxe5 19. Nxe5 Bxg2 20. Rg1 Bh3 21. Bg6 Rf8 22.
Nxf7 Rxf7 23. Qh4 Bf5 24. Qh8+ Bf8 25. Bxf7+ Kxf7 26. Qxf6+ Ke8 27. Rge1 Bh7 28.
Be3 Bg8 29. Rf1  1-0

[Event "Asian Juniors Chess Championship 2022"]
[Site "Knights Templar Hotel, Tagaytay City"]
[Date "2022.11.20"]
[Round "3"]
[Board "8"]
[White "Sapenov, Daniyal"]
[Black "Carredo, Mar Aviel"]
[Result "1-0"]
[WhiteElo "2324"]
[BlackElo "1555"]
[PlyCount "123"]
[EventDate "2022.11.19"]
[EventRounds "9"]
[EventCountry "ACF"]

1. d4 d5 2. c4 e6 3. Nf3 Nf6 4. g3 g6 5. Bg2 Bg7 6. O-O O-O 7. Qc2 Nbd7 8. Nbd2 b6
9. e4 dxe4 10. Nxe4 Bb7 11. Nxf6+ Nxf6 12. Bf4 Rc8 13. Rad1 Qe7 14. Rfe1 Nh5 15.
Bg5 Bf6 16. Bc1 Ng7 17. d5 Rfd8 18. Nd2 c6 19. dxc6 Bxc6 20. Bxc6 Rxc6 21. Ne4 Rdc8
22. b3 Ne8 23. Nxf6+ Qxf6 24. Bb2 Qe7 25. Qe4 f6 26. Rd3 Ng7 27. Red1 R6c7 28. Rd6
Qf7 29. Qf3 Ne8 30. Rd8 Kg7 31. R8d2 Kg8 32. a4 Qe7 33. h4 Qf7 34. Qg4 h5 35. Qe4
Kh7 36. Rd3 Ng7 37. Rd6 Re8 38. Bc3 Nf5 39. R6d3 Ng7 40. a5 e5 41. Rd5 Ne6 42. axb6
axb6 43. Rd6 b5 44. Ba5 Rb7 45. Bb6 bxc4 46. bxc4 Ng7 47. c5 f5 48. Qd5 Qxd5 49.
R1xd5 e4 50. Rd7 Rbb8 51. Kg2 Re6 52. Bc7 Rbe8 53. Rf7 R8e7 54. Rxe7 Rxe7 55. Bd6
Re8 56. c6 Rc8 57. c7 Kg8 58. Be5 Ne6 59. Rd7 Kf8 60. Rh7 Ke8 61. Bd6 Nxc7 62. Bxc7
 1-0

[Event "Asian Juniors Chess Championship 2022"]
[Site "Knights Templar Hotel, Tagaytay City"]
[Date "2022.11.20"]
[Round "3"]
[Board "9"]
[White "De Asas, Aaron Francis"]
[Black "Tobing, Daniel Hermawan Lumban"]
[Result "0-1"]
[WhiteElo "1380"]
[BlackElo "2162"]
[PlyCount "62"]
[EventDate "2022.11.19"]
[EventRounds "9"]
[EventCountry "ACF"]

1. e4 c5 2. Nf3 d6 3. d4 cxd4 4. Nxd4 Nf6 5. Nc3 g6 6. Be2 Bg7 7. Be3 O-O 8. Qd2
Nc6 9. O-O-O Nxd4 10. Bxd4 Be6 11. f3 a6 12. g4 b5 13. g5 Nh5 14. Bxg7 Nxg7 15. f4
Qa5 16. Nd5 Qxa2 17. Nxe7+ Kh8 18. Qd4 Rfe8 19. f5 Rxe7 20. fxe6 Rxe6 21. Rdf1 Kg8
22. h4 Re5 23. Rhg1 Ne6 24. Qf2 Nc5 25. Rg4 Rc8 26. c4 Rf8 27. Rf4 Nxe4 28. Qa7 Nc3
29. Rxf7 Qb1+ 30. Kd2 Rxe2+ 31. Kxc3 Qxb2+  0-1

[Event "Asian Juniors Chess Championship 2022"]
[Site "Knights Templar Hotel, Tagaytay City"]
[Date "2022.11.20"]
[Round "3"]
[Board "12"]
[White "Buto, Al-Basher"]
[Black "Santiaguel, Jerico M."]
[Result "1/2-1/2"]
[WhiteElo "1557"]
[BlackElo "1646"]
[PlyCount "89"]
[EventDate "2022.11.19"]
[EventRounds "9"]
[EventCountry "ACF"]

1. e4 c6 2. d4 d5 3. Nc3 dxe4 4. Nxe4 Bf5 5. Ng3 Bg6 6. h4 h6 7. Nf3 Nd7 8. h5 Bh7
9. Bd3 Bxd3 10. Qxd3 e6 11. Bf4 Qa5+ 12. Bd2 Bb4 13. Ne4 Ngf6 14. Nd6+ Ke7 15. Nc4
Bxd2+ 16. Nfxd2 Qc7 17. O-O-O Rhe8 18. Rde1 Kf8 19. Rh4 Kg8 20. Ne4 Nxe4 21. Qxe4
b5 22. Ne5 Nxe5 23. Qxe5 Qxe5 24. Rxe5 Rad8 25. Rc5 Rd6 26. c3 Rc8 27. Kc2 Rd5 28.
b4 Rxc5 29. bxc5 a5 30. Rh1 Kf8 31. a4 Ke7 32. axb5 cxb5 33. Ra1 Ra8 34. c4 bxc4
35. Kc3 Kd7 36. Kxc4 Kc6 37. Rb1 a4 38. Rb6+ Kc7 39. Rb2 a3 40. Ra2 Kc6 41. Kb4 Rd8
42. Kc4 Ra8 43. Kb4 Rd8 44. Kc4 Ra8 45. Kb4  1/2-1/2

[Event "Asian Juniors Chess Championship 2022"]
[Site "Knights Templar Hotel, Tagaytay City"]
[Date "2022.11.20"]
[Round "3"]
[Board "14"]
[White "Sarmiento, Cyle"]
[Black "Paradero, Gabriel Ryan"]
[Result "0-1"]
[WhiteElo "1258"]
[BlackElo "1294"]
[PlyCount "46"]
[EventDate "2022.11.19"]
[EventRounds "9"]
[EventCountry "ACF"]

1. c4 c5 2. Nc3 Nc6 3. g3 Nf6 4. Bg2 g6 5. e3 d6 6. d4 Qb6 7. d5 Ne5 8. b3 Bg7 9.
Bb2 Nxc4 10. Na4 Nxb2 11. Nxb6 Nxd1 12. Nxa8 Nc3 13. Nc7+ Kd8 14. Rc1 Nd7 15. Kd2
Nxa2 16. Nb5 a6 17. Na7 Nxc1 18. Nxc8 Nxb3+ 19. Kc2 Na1+ 20. Kd2 Kxc8 21. Ne2 b5
22. Nc3 b4 23. Rxa1 Bxc3+  0-1

[Event "Asian Juniors Chess Championship 2022"]
[Site "Knights Templar Hotel, Tagaytay City"]
[Date "2022.11.20"]
[Round "3"]
[Board "15"]
[White "Limpangog, Aaron"]
[Black "Co, Ronell Jose"]
[Result "1-0"]
[WhiteElo "1292"]
[BlackElo "1072"]
[PlyCount "77"]
[EventDate "2022.11.19"]
[EventRounds "9"]
[EventCountry "ACF"]

1. e4 c5 2. Nf3 d6 3. d4 cxd4 4. Nxd4 Nf6 5. Nc3 a6 6. a4 e6 7. Be3 Qc7 8. Be2 b6
9. Bf3 Bb7 10. O-O Nbd7 11. Re1 Be7 12. Qe2 Rc8 13. Rad1 O-O 14. g3 Rfd8 15. Bg2
Nc5 16. Bc1 d5 17. e5 Ne8 18. f4 g6 19. g4 Qd7 20. f5 exf5 21. gxf5 Nxa4 22. e6 Nxc3
23. bxc3 fxe6 24. fxg6 hxg6 25. Nxe6 Bc5+ 26. Kh1 Ng7 27. Nxd8 Rxd8 28. Bg5 Rf8 29.
Be3 Re8 30. Qd3 Nf5 31. Bxc5 Rxe1+ 32. Rxe1 bxc5 33. Bh3 Qc6 34. Bxf5 gxf5 35. Rg1+
Kf7 36. Qxf5+ Qf6 37. Qh7+ Ke6 38. Rg6 d4+ 39. Kg1  1-0

[Event "Asian Juniors Chess Championship 2022"]
[Site "Knights Templar Hotel, Tagaytay City"]
[Date "2022.11.21"]
[Round "4"]
[Board "1"]
[White "Neelash, Saha"]
[Black "Labog, Eric Jr."]
[Result "1-0"]
[WhiteElo "2436"]
[BlackElo "2138"]
[PlyCount "105"]
[EventDate "2022.11.19"]
[EventRounds "9"]
[EventCountry "ACF"]

1. d4 Nf6 2. c4 e6 3. Nf3 d5 4. g3 Be7 5. Bg2 O-O 6. Qc2 dxc4 7. Qxc4 a6 8. a4 Bd7
9. Ne5 Bc6 10. Nxc6 Nxc6 11. e3 Na5 12. Qc2 c5 13. dxc5 Bxc5 14. O-O Rc8 15. Nc3
Bb4 16. Rd1 Qc7 17. Bd2 Rfd8 18. Be1 Rxd1 19. Rxd1 Rd8 20. Bf3 Rxd1 21. Qxd1 h6 22.
Nb5 axb5 23. Bxb4 Nc6 24. Bc3 bxa4 25. Qxa4 Qd7 26. Qa8+ Kh7 27. Qf8 Qe8 28. Qc5
Qd7 29. b4 Nd5 30. b5 Nce7 31. Qd4 f6 32. e4 e5 33. Qd3 Nb6 34. Qxd7 Nxd7 35. Bg4
Nb6 36. Bb4 Nbc8 37. Be6 g6 38. f4 Kg7 39. b6 Nc6 40. Bxc8 Nxb4 41. Bxb7 Kf7 42.
Bd5+ Ke7 43. b7 Na6 44. fxe5 fxe5 45. Kf2 Kd6 46. Bc4 Nb8 47. Bf7 Kc7 48. Bxg6 Kxb7
49. Kf3 Kc6 50. Kg4 Kc5 51. Kh5 Kd4 52. Kxh6 Nd7 53. Kg7  1-0

[Event "Asian Juniors Chess Championship 2022"]
[Site "Knights Templar Hotel, Tagaytay City"]
[Date "2022.11.21"]
[Round "4"]
[Board "2"]
[White "Avinash, Ramesh"]
[Black "Harshavardhan, G B"]
[Result "0-1"]
[WhiteElo "2338"]
[BlackElo "2426"]
[PlyCount "90"]
[EventDate "2022.11.19"]
[EventRounds "9"]
[EventCountry "ACF"]

1. e4 e5 2. Nf3 Nc6 3. d4 exd4 4. Nxd4 Bc5 5. Nb3 Bb6 6. Nc3 Nge7 7. Bg5 O-O 8. Qd2
d6 9. O-O-O f6 10. Be3 Bxe3 11. Qxe3 f5 12. f4 fxe4 13. Qxe4 Bg4 14. Rd2 Ng6 15.
h3 Bf5 16. Qf3 Be6 17. g3 Qf6 18. Qh5 Qf5 19. Qd1 Rae8 20. Bd3 Qf7 21. Ne4 Nb4 22.
Ng5 Nxd3+ 23. Rxd3 Qf6 24. Re1 Nxf4 25. gxf4 Bxb3 26. Rxe8 Rxe8 27. cxb3 Qxf4+ 28.
Qd2 Qf1+ 29. Kc2 Re2 30. Nf3 Rxd2+ 31. Nxd2 Qf5 32. b4 g5 33. Kc3 h5 34. Re3 d5 35.
Nb3 Qf4 36. Kd3 Qc4+ 37. Kd2 Qxb4+ 38. Ke2 c5 39. a3 Qb5+ 40. Kf2 c4 41. Nd4 Qxb2+
42. Ne2 d4 43. Re8+ Kf7 44. Re4 d3 45. h4 d2  0-1

[Event "Asian Juniors Chess Championship 2022"]
[Site "Knights Templar Hotel, Tagaytay City"]
[Date "2022.11.21"]
[Round "4"]
[Board "3"]
[White "Raahul, V S"]
[Black "Gan-Erdene, Sugar"]
[Result "0-1"]
[WhiteElo "2311"]
[BlackElo "2419"]
[PlyCount "143"]
[EventDate "2022.11.19"]
[EventRounds "9"]
[EventCountry "ACF"]

1. c4 c5 2. Nc3 Nc6 3. Nf3 e5 4. g3 g6 5. d3 Bg7 6. Be3 d6 7. Qc1 h6 8. Bg2 Be6
9. O-O Qd7 10. Re1 Nge7 11. a3 a5 12. Nb5 f5 13. Nd2 O-O 14. f4 Kh7 15. Nf3 b6 16.
Bf2 Rac8 17. e3 d5 18. Nxe5 Nxe5 19. fxe5 Bxe5 20. Qc2 Bg7 21. Rad1 Bf7 22. Nc3 Rfd8
23. e4 d4 24. Nd5 Nxd5 25. exd5 g5 26. Rb1 Re8 27. Rxe8 Rxe8 28. b4 axb4 29. axb4
Bh5 30. bxc5 bxc5 31. Re1 Rxe1+ 32. Bxe1 Qe7 33. Kf1 Be5 34. Qf2 Bg6 35. Qe2 Qf6
36. Kg1 Kg7 37. Qa2 Qe7 38. Qe2 Qc7 39. Ba5 Qb8 40. Bf1 f4 41. g4 f3 42. Qxf3 Bxh2+
43. Kh1 Bf4 44. Qe2 Be3 45. Qh2 Bf4 46. Qe2 Qf8 47. Be1 Bd6 48. Bg2 Qf4 49. Kg1 Qh2+
50. Kf1 Qf4+ 51. Kg1 Qh2+ 52. Kf1 h5 53. gxh5 Bxh5 54. Qe6 Qf4+ 55. Bf2 Bf7 56. Qe2
g4 57. Kg1 Qh2+ 58. Kf1 Qf4 59. Kg1 Bg6 60. Be1 Bf5 61. Bf1 g3 62. Bg2 Qh4 63. Kf1
Qh7 64. Be4 Qh2 65. Qxh2 gxh2 66. Kg2 Bxe4+ 67. dxe4 Bf4 68. Ba5 d3 69. Kh1 Kf7 70.
Bc3 d2 71. Bxd2 Bxd2 72. Kxh2  0-1

[Event "Asian Juniors Chess Championship 2022"]
[Site "Knights Templar Hotel, Tagaytay City"]
[Date "2022.11.21"]
[Round "4"]
[Board "4"]
[White "Concio, Michael Jr."]
[Black "Utsab, Chatterjee"]
[Result "1/2-1/2"]
[WhiteElo "2343"]
[BlackElo "2349"]
[PlyCount "68"]
[EventDate "2022.11.19"]
[EventRounds "9"]
[EventCountry "ACF"]

1. d4 d5 2. c4 e6 3. Nc3 Nf6 4. Nf3 Be7 5. cxd5 exd5 6. Bg5 c6 7. e3 h6 8. Bh4 O-O
9. Bd3 Ne4 10. Bxe7 Qxe7 11. Qc2 Bf5 12. Nd2 Re8 13. O-O Nd7 14. Rfe1 Qh4 15. Nf1
Qf6 16. Rad1 Rad8 17. f3 Nxc3 18. Qxc3 Bxd3 19. Qxd3 Re6 20. Re2 Qg5 21. Qa3 a6 22.
Qb3 Rb8 23. e4 dxe4 24. fxe4 Nf6 25. Rde1 Nh5 26. Rf2 Qe7 27. Qf3 Nf6 28. Ng3 Qb4
29. Rd1 Rd8 30. e5 Rxd4 31. Rxd4 Qxd4 32. exf6 Re3 33. Qh5 Re5 34. Qf3 Re3  1/2-1/2

[Event "Asian Juniors Chess Championship 2022"]
[Site "Knights Templar Hotel, Tagaytay City"]
[Date "2022.11.21"]
[Round "4"]
[Board "5"]
[White "Daluz, Christian Mark"]
[Black "Sapenov, Daniyal"]
[Result "1/2-1/2"]
[WhiteElo "2010"]
[BlackElo "2324"]
[PlyCount "84"]
[EventDate "2022.11.19"]
[EventRounds "9"]
[EventCountry "ACF"]

1. e4 c6 2. Nc3 d5 3. Nf3 dxe4 4. Nxe4 Nf6 5. Ng3 g6 6. d4 Bg7 7. Be2 O-O 8. O-O
Nbd7 9. c4 Qc7 10. b3 e5 11. dxe5 Nxe5 12. Bb2 Nxf3+ 13. Bxf3 Be6 14. Re1 Rad8 15.
Qc2 Rfe8 16. Be5 Qa5 17. Bc3 Qa3 18. Rad1 Rxd1 19. Rxd1 h5 20. h3 Qf8 21. Qb2 Nd7
22. Ne4 Bxc3 23. Qxc3 Qg7 24. Qa5 a6 25. Nd6 Rb8 26. Nxb7 Ne5 27. Rd8+ Rxd8 28. Qxd8+
Kh7 29. Be4 Nxc4 30. Qd1 Nd2 31. Bd3 Qh6 32. Qe2 Qf4 33. Qe3 Qb4 34. Nc5 Bd5 35.
Nd7 Qd6 36. Nc5 a5 37. Bc2 Kg8 38. Na6 Be6 39. Nc5 Bd5 40. Na6 Be6 41. Qd3 Qf4 42.
Qe3 Qd6  1/2-1/2

[Event "Asian Juniors Chess Championship 2022"]
[Site "Knights Templar Hotel, Tagaytay City"]
[Date "2022.11.21"]
[Round "4"]
[Board "6"]
[White "Fernanda, Agus Saputra"]
[Black "Dziththauly, Ramadhan"]
[Result "0-1"]
[WhiteElo "2007"]
[BlackElo "2194"]
[PlyCount "76"]
[EventDate "2022.11.19"]
[EventRounds "9"]
[EventCountry "ACF"]

1. e4 c5 2. Nf3 d6 3. d4 cxd4 4. Nxd4 Nf6 5. Nc3 a6 6. Be3 e5 7. Nb3 Be6 8. f3 Nbd7
9. Qd2 h5 10. Nd5 Nxd5 11. exd5 Bf5 12. Be2 Be7 13. c4 O-O 14. Na5 Qc7 15. O-O Nf6
16. h3 h4 17. b4 Nh5 18. Rfd1 Ng3 19. Rac1 Qd7 20. Bf1 Bd8 21. Bg5 e4 22. Bxd8 Raxd8
23. fxe4 Bxe4 24. Qf4 Qe7 25. c5 g5 26. Qd2 f6 27. c6 b5 28. Qd4 Qc7 29. a4 Rde8
30. axb5 axb5 31. Bxb5 f5 32. Kh2 f4 33. Re1 f3 34. gxf3 Rxf3 35. Rc2 Qc8 36. c7
Ne2 37. Rcxe2 Qxh3+ 38. Kg1 Rg3+  0-1

[Event "Asian Juniors Chess Championship 2022"]
[Site "Knights Templar Hotel, Tagaytay City"]
[Date "2022.11.21"]
[Round "4"]
[Board "7"]
[White "Tobing, Daniel Hermawan Lumban"]
[Black "Dau, Khuong Duy"]
[Result "1/2-1/2"]
[WhiteElo "2162"]
[BlackElo "1993"]
[PlyCount "108"]
[EventDate "2022.11.19"]
[EventRounds "9"]
[EventCountry "ACF"]

1. e4 c5 2. Nf3 d6 3. d4 cxd4 4. Nxd4 Nf6 5. Nc3 g6 6. Be3 Bg7 7. f3 O-O 8. Qd2 Nc6
9. Bc4 Nxd4 10. Bxd4 Be6 11. Bb3 Qa5 12. O-O-O b5 13. Kb1 b4 14. Nd5 Bxd5 15. exd5
Qb5 16. Rhe1 a5 17. Qe2 Qxe2 18. Rxe2 a4 19. Bc4 Rfc8 20. Bb5 Ra5 21. Bxf6 Bxf6 22.
Bc6 Rb8 23. f4 h5 24. g3 a3 25. b3 Rc5 26. Bd7 Rc3 27. Rd3 Rc7 28. Ba4 Bc3 29. Kc1
Kg7 30. Kd1 Rbc8 31. Bb5 Rb8 32. Bc4 Bf6 33. Re4 h4 34. g4 g5 35. fxg5 Bxg5 36. Rf3
f6 37. Bd3 Kf8 38. Ke2 Rc5 39. Rd4 Rc3 40. Rc4 Rxc4 41. bxc4 Ke8 42. Bf5 Kd8 43.
Rb3 Kc7 44. h3 Bc1 45. Rf3 Kb6 46. Kd3 Kc5 47. Bd7 Rg8 48. Be6 Rg5 49. Bf5 Rg8 50.
Rf1 Bb2 51. Re1 Be5 52. Be6 Rg5 53. Bd7 Rg8 54. Ba4 f5  1/2-1/2

[Event "Asian Juniors Chess Championship 2022"]
[Site "Knights Templar Hotel, Tagaytay City"]
[Date "2022.11.21"]
[Round "4"]
[Board "8"]
[White "Hakemi, Arman"]
[Black "Bacojo, Mark Jay"]
[Result "1-0"]
[WhiteElo "2412"]
[BlackElo "1949"]
[PlyCount "85"]
[EventDate "2022.11.19"]
[EventRounds "9"]
[EventCountry "ACF"]

1. e4 c5 2. Nf3 d6 3. d4 cxd4 4. Nxd4 Nf6 5. Nc3 a6 6. Bg5 e6 7. f4 Be7 8. Qf3 Qc7
9. O-O-O Nbd7 10. g4 b5 11. Bxf6 Nxf6 12. g5 Nd7 13. f5 Bxg5+ 14. Kb1 O-O 15. fxe6
Nf6 16. Rg1 h6 17. h4 Bxh4 18. Nf5 Bg5 19. Nxh6+ Bxh6 20. Qxf6 Kh8 21. Rxg7 Bxg7
22. Qh4+ Kg8 23. Nd5 Qb7 24. Ne7+ Qxe7 25. Qxe7 Bxe6 26. Qxd6 Bg4 27. Rd2 Rfe8 28.
Qf4 Bh5 29. Bh3 Bg6 30. Bf5 Bxf5 31. Qxf5 Re5 32. Qg4 f5 33. exf5 Rf8 34. a3 Rexf5
35. Rd7 R5f7 36. Qe6 a5 37. Rxf7 Rxf7 38. Qe8+ Bf8 39. Qxb5 Ra7 40. Qd5+ Kh7 41.
c4 Kg6 42. c5 Kf6 43. c6  1-0

[Event "Asian Juniors Chess Championship 2022"]
[Site "Knights Templar Hotel, Tagaytay City"]
[Date "2022.11.21"]
[Round "4"]
[Board "9"]
[White "Orozbaev, Eldiar"]
[Black "Buto, Al-Basher"]
[Result "0-1"]
[WhiteElo "2324"]
[BlackElo "1557"]
[PlyCount "120"]
[EventDate "2022.11.19"]
[EventRounds "9"]
[EventCountry "ACF"]

1. e4 e6 2. d4 d5 3. Nd2 c5 4. Ngf3 cxd4 5. exd5 Qxd5 6. Bc4 Qd8 7. O-O Nf6 8. Nb3
Nc6 9. Qe2 Qc7 10. Nbxd4 Nxd4 11. Nxd4 a6 12. Bd3 Bc5 13. Nf3 b6 14. Bg5 Bb7 15.
Rad1 h6 16. Bxf6 gxf6 17. Be4 Ke7 18. a3 Rhd8 19. b4 Bd6 20. Bxb7 Qxb7 21. Qe3 Qc7
22. g3 Rac8 23. Rfe1 a5 24. b5 h5 25. Nh4 Qc5 26. Qf3 Be5 27. Ng2 Qxb5 28. Qxh5 Rxd1
29. Rxd1 Rxc2 30. Ne3 Qe2 31. Qxe2 Rxe2 32. Nc4 Bc7 33. h4 b5 34. Nd2 Bb6 35. Kg2
Rxf2+ 36. Kh3 f5 37. g4 Bc7 38. gxf5 exf5 39. Nf1 Rf3+ 40. Kg2 Rxa3 41. h5 Kf6 42.
Rd7 Bf4 43. Rb7 b4 44. Rb6+ Kg7 45. Rb5 b3 46. Kf3 Bh6 47. Ke2 a4 48. Ng3 f4 49.
Nf5+ Kh7 50. Rb7 f3+ 51. Kf2 Bc1 52. Rxf7+ Kg8 53. Rb7 b2 54. Rb8+ Kf7 55. h6 Kg6
56. Rb6+ Kxf5 57. h7 Be3+ 58. Kg3 Bxb6 59. h8=Q f2+ 60. Kh4 Rh3+  0-1

[Event "Asian Juniors Chess Championship 2022"]
[Site "Knights Templar Hotel, Tagaytay City"]
[Date "2022.11.21"]
[Round "4"]
[Board "11"]
[White "Santiaguel, Jerico M."]
[Black "Limpangog, Aaron"]
[Result "1/2-1/2"]
[WhiteElo "1646"]
[BlackElo "1292"]
[PlyCount "80"]
[EventDate "2022.11.19"]
[EventRounds "9"]
[EventCountry "ACF"]

1. d4 d5 2. Nf3 Bf5 3. c4 e6 4. Qb3 Nc6 5. cxd5 Qxd5 6. Qxd5 exd5 7. Bd2 Nf6 8. e3
Nb4 9. Bxb4 Bxb4+ 10. Nbd2 h6 11. Rc1 c6 12. a3 Bd6 13. Nb3 Nd7 14. Nc5 Nxc5 15.
dxc5 Bc7 16. Be2 a5 17. b3 Be4 18. O-O Bxf3 19. Bxf3 Be5 20. Rc2 O-O 21. Rd1 Rfd8
22. g3 f5 23. h4 g6 24. h5 g5 25. g4 f4 26. e4 dxe4 27. Rxd8+ Rxd8 28. Bxe4 Rd1+
29. Kg2 Ra1 30. a4 Ra3 31. Bd3 f3+ 32. Kxf3 Rxb3 33. Ke4 Rc3 34. Bc4+ Kg7 35. Rxc3
Bxc3 36. Be6 Be1 37. f3 Bf2 38. Bc8 Bxc5 39. Bxb7 Kf6 40. Bxc6 Bd6  1/2-1/2

[Event "Asian Juniors Chess Championship 2022"]
[Site "Knights Templar Hotel, Tagaytay City"]
[Date "2022.11.21"]
[Round "4"]
[Board "13"]
[White "Lacorte, Rafiel Irvin"]
[Black "De Asas, Aaron Francis"]
[Result "1-0"]
[WhiteElo "1272"]
[BlackElo "1380"]
[PlyCount "131"]
[EventDate "2022.11.19"]
[EventRounds "9"]
[EventCountry "ACF"]

1. c4 Nf6 2. g3 g6 3. Bg2 Bg7 4. Nc3 O-O 5. e3 e5 6. Nge2 d6 7. O-O c6 8. d4 Na6
9. a3 Be6 10. b3 exd4 11. Nxd4 Bd7 12. Bb2 Nc5 13. Qc2 Qc8 14. Rfd1 Rd8 15. Rac1
Bh3 16. Bh1 Ne6 17. Nce2 d5 18. cxd5 Nxd5 19. Nxe6 Bxe6 20. Rd2 Qc7 21. b4 Nb6 22.
Bxg7 Kxg7 23. Nf4 Qe7 24. Qc3+ Qf6 25. Nxe6+ fxe6 26. Rxd8 Qxc3 27. Rd7+ Nxd7 28.
Rxc3 Rd8 29. Rd3 a6 30. a4 Kf7 31. b5 cxb5 32. axb5 axb5 33. Bxb7 Ke7 34. Rb3 Rb8
35. Rxb5 Kd6 36. Rb1 Ke5 37. f4+ Kf6 38. Be4 Rxb1+ 39. Bxb1 h6 40. Kf2 g5 41. Kf3
Nc5 42. Bc2 e5 43. f5 Nb7 44. Be4 Nd6 45. g4 Nc4 46. Ke2 Nd6 47. Bd5 e4 48. Kd2 Ke5
49. Bb3 Ne8 50. h3 Nd6 51. Kc3 h5 52. Kb4 Kf6 53. Kc5 Ke5 54. Bd1 h4 55. Be2 Ne8
56. Kc6 Nf6 57. Bc4 Nh7 58. Kd7 Nf8+ 59. Ke7 Ne6 60. Be2 Nf4 61. exf4+ gxf4 62. f6
f3 63. Bc4 Kf4 64. f7 Kg3 65. f8=Q Kxh3 66. Bd5  1-0